| 000 -ლიდერი |
| ფიქსირებული სიგრძის საკონტროლო ველი |
00731nam a22002057a 4500 |
| 003 - საკონტროლო ნომრის იდენტიფიკატორი |
| საკონტროლო ველი |
Ge_BSU |
| 005 - ბოლო ოპერაციის თარიღი და დრო |
| საკონტროლო ველი |
20230331123803.0 |
| 008 - ფიქსირებული სიგრძის მონაცემთა ელემენტები - ზოგადი ინფორმაცია |
| ფიქსირებული სიგრძის საკონტროლო ველი |
230331s2012 enk||||| |||| 00| 0 eng d |
| 020 ## - წიგნის საერთაშორისო სტანდარტული ნომერი |
| International Standard Book Number |
9781861771308 |
| 041 ## - ენის კოდი |
| Language code of text/sound track or separate title |
eng |
| 080 ## - უნივერსალური ათობითი კლასიფიკაციის ინდექსი |
| Universal Decimal Classification number |
37.013.42: 364-43 P-90 |
| 245 ## - ცნობა სათაურის შესახებ |
| Title |
Practice Research in Nordic Social Work: |
| Remainder of title |
Knowledge Production in Transition / |
| Statement of responsibility, etc |
Edited by Edgar Marthinsen, Ilse Julkunen. |
| 264 ## - წარმოების, გამოცემის, დისტრიბუციის და სხვა ცნობები |
| გამოცემის, წარმოების, დისტრიბუციის... ადგილი |
London, |
| გამოცემის, წარმოების, დისტრიბუციის... თარიღი |
2012. |
| 300 ## - ფიზიკური აღწერა |
| Extent |
200 p.; |
| Other physical details |
24 cm. |
| 653 ## - INDEX TERM--UNCONTROLLED |
| Uncontrolled term |
ჩრდილო ევროპა |
| 653 ## - INDEX TERM--UNCONTROLLED |
| Uncontrolled term |
პრაქტიკული კვლევა |
| 700 ## - ADDED ENTRY--PERSONAL NAME |
| Personal name |
Marthinsen, Edgar |
| Relator term |
რედაქტორი |
| 9 (RLIN) |
17403 |
| 700 ## - ADDED ENTRY--PERSONAL NAME |
| Personal name |
Julkunen, Ilse |
| Relator term |
რედაქტორი |
| 9 (RLIN) |
17404 |
| 942 ## - ADDED ENTRY ELEMENTS (KOHA) |
| Source of classification or shelving scheme |
|
| Koha item type |
წიგნი |